[Event "Nationale pupillendag 2013"]
[Site "Roosendaal"]
[Date "2013.06.15"]
[Round "7.18"]
[White "Honkoop, Stella"]
[Black "Zubair, Muhammad Saad"]
[Result "0-1"]
[LiveChessVersion "1.4.2"]
[BlackElo "359"]
[WhiteElo "377"]

1. e4 {[%clk 0:19:59]} Nc6 {[%clk 0:19:57]} 2. Nf3 {[%clk 0:19:56]} Nf6
{[%clk 0:19:51]} 3. Nc3 {[%clk 0:19:53]} e5 {[%clk 0:19:49]} 4. Bc4
{[%clk 0:19:49]} h6 {[%clk 0:19:43]} 5. d3 {[%clk 0:19:42]} Bc5 {[%clk 0:19:34]}
6. Be3 {[%clk 0:19:27]} Bxe3 7. fxe3 {[%clk 0:19:23]} O-O {[%clk 0:19:26]} 8. Qd2
{[%clk 0:19:14]} a6 {[%clk 0:19:09]} 9. O-O-O {[%clk 0:19:08]} b5
{[%clk 0:19:07]} 10. Bb3 {[%clk 0:19:01]} Rb8 {[%clk 0:18:48]} 11. Bd5
{[%clk 0:18:37]} Nxd5 {[%clk 0:18:44]} 12. Nxd5 {[%clk 0:18:32]} b4
{[%clk 0:18:32]} 13. d4 {[%clk 0:18:00]} a5 {[%clk 0:17:53]} 14. dxe5
{[%clk 0:17:54]} Qe8 {[%clk 0:17:39]} 15. Rhf1 {[%clk 0:17:26]} Nxe5
{[%clk 0:17:32]} 16. Nxe5 Qxe5 {[%clk 0:17:25]} 17. Rf5 {[%clk 0:16:40]} Qxe4
{[%clk 0:16:58]} 18. Rdf1 {[%clk 0:16:22]} d6 {[%clk 0:16:55]} 19. Nxc7
{[%clk 0:16:06]} Bxf5 {[%clk 0:16:51]} 20. Rf2 {[%clk 0:15:32]} b3
{[%clk 0:16:49]} 21. cxb3 {[%clk 0:15:25]} Qb1# {[%clk 0:16:46]} 0-1

[Event "Nationale pupillendag 2013"]
[Site "Roosendaal"]
[Date "2013.06.15"]
[Round "7.20"]
[White "Mutnuri, Krishna"]
[Black "Salomons, Matthijs"]
[Result "0-1"]
[LiveChessVersion "1.4.2"]
[BlackElo "290"]
[WhiteElo "329"]

1. e4 {[%clk 0:19:58]} e5 {[%clk 0:19:54]} 2. Nf3 {[%clk 0:19:58]} Bc5
{[%clk 0:19:44]} 3. Bc4 {[%clk 0:19:55]} Nf6 {[%clk 0:19:40]} 4. Nc3
{[%clk 0:19:54]} Nxe4 {[%clk 0:19:34]} 5. Nxe4 {[%clk 0:19:50]} d5
{[%clk 0:19:30]} 6. Bxd5 Qxd5 {[%clk 0:19:27]} 7. Nc3 {[%clk 0:19:36]} Qd6
{[%clk 0:19:07]} 8. Qe2 {[%clk 0:19:27]} Nc6 {[%clk 0:18:55]} 9. Ne4
{[%clk 0:19:06]} Qg6 {[%clk 0:18:44]} 10. Nxc5 {[%clk 0:18:59]} Qxg2
{[%clk 0:18:34]} 11. Rg1 {[%clk 0:18:58]} Nd4 {[%clk 0:18:28]} 12. Nxd4
{[%clk 0:18:51]} Qxg1+ {[%clk 0:18:24]} 13. Qf1 {[%clk 0:18:48]} Qxh2
{[%clk 0:18:21]} 14. Nf3 {[%clk 0:18:32]} Qf4 {[%clk 0:18:13]} 15. Qb5+
{[%clk 0:18:24]} c6 {[%clk 0:18:12]} 16. Qd3 {[%clk 0:18:17]} e4 {[%clk 0:18:10]}
17. Qe3 {[%clk 0:18:01]} exf3 {[%clk 0:18:08]} 18. Qxf4 {[%clk 0:17:56]} O-O
{[%clk 0:17:58]} 19. Qxf3 {[%clk 0:17:50]} b6 {[%clk 0:17:52]} 20. Qxc6
{[%clk 0:17:43]} Bf5 {[%clk 0:17:38]} 21. Qd5 {[%clk 0:17:28]} g6
{[%clk 0:17:35]} 22. Nd7 {[%clk 0:17:21]} Bxd7 {[%clk 0:17:28]} 23. Qxd7
{[%clk 0:17:20]} Rfd8 24. Qxd8+ {[%clk 0:16:05]} Rxd8 {[%clk 0:17:26]} 25. d3
{[%clk 0:16:03]} Rc8 {[%clk 0:17:25]} 26. Bf4 {[%clk 0:16:00]} Rxc2
{[%clk 0:17:23]} 27. Kd1 {[%clk 0:15:59]} Rxb2 {[%clk 0:17:21]} 28. Be5
{[%clk 0:15:56]} Rxf2 {[%clk 0:17:18]} 29. Ke1 {[%clk 0:15:54]} Rg2
{[%clk 0:17:16]} 30. Kf1 {[%clk 0:15:52]} Rg5 {[%clk 0:17:12]} 31. Bf4
{[%clk 0:15:50]} Rh5 {[%clk 0:17:08]} 32. Rc1 {[%clk 0:15:46]} Rh1+
{[%clk 0:17:06]} 33. Ke2 {[%clk 0:15:42]} Rxc1 34. Bxc1 Kg7 {[%clk 0:17:01]} 35.
Bb2+ {[%clk 0:15:38]} Kh6 {[%clk 0:16:59]} 36. d4 {[%clk 0:15:36]} Kg7
{[%clk 0:16:56]} 37. d5+ {[%clk 0:15:36]} Kf8 {[%clk 0:16:55]} 38. Ke3
{[%clk 0:15:34]} Ke7 {[%clk 0:16:54]} 39. Ke4 {[%clk 0:15:33]} Kd6
{[%clk 0:16:53]} 40. Kd4 {[%clk 0:15:32]} h5 {[%clk 0:16:51]} 41. Ba3+
{[%clk 0:15:29]} Kd7 {[%clk 0:16:48]} 42. Ke5 {[%clk 0:15:29]} h4
{[%clk 0:16:47]} 43. d6 {[%clk 0:15:28]} h3 {[%clk 0:16:45]} 44. Kf4
{[%clk 0:15:02]} h2 {[%clk 0:16:44]} 45. Kg3 {[%clk 0:14:57]} h1=Q
{[%clk 0:16:24]} 46. Kf4 {[%clk 0:14:56]} Qh3 {[%clk 0:16:21]} 47. Bb4
{[%clk 0:14:54]} Qh4+ {[%clk 0:16:20]} 48. Ke5 {[%clk 0:14:52]} Qxb4
{[%clk 0:16:18]} 49. Kd5 {[%clk 0:14:52]} Qxd6+ {[%clk 0:16:16]} 50. Kc4
{[%clk 0:14:51]} Qe5 {[%clk 0:16:12]} 51. Kb4 {[%clk 0:14:50]} Qd5
{[%clk 0:16:11]} 52. Ka3 {[%clk 0:14:48]} Qc5+ {[%clk 0:16:06]} 53. Ka4
{[%clk 0:14:47]} b5+ {[%clk 0:16:02]} 54. Ka5 {[%clk 0:14:45]} b4+
{[%clk 0:15:58]} 55. Ka6 {[%clk 0:14:43]} Qb6# 0-1